000 00577nam a22001697a 4500
999 _c58024
_d58024
005 20221108155853.0
008 210513s2018 enk||||| |||| 00| 0 eng d
020 _a9780230458192x
041 _aeng
080 _a811.111.1 O-63
245 _aOpen Mind :
_bUpper Intermediate Student's Book B2 /
_c Mickey Rogers, Joanne Taylore-Knowles, Steve Taylore-Knowles, With Ingrid Wisniewska.
264 _aLondon :
_bMacmillan,
_c2018.
300 _a183 p.;
_b30 cm.
653 _aინგლისური ენა
653 _aგრამატიკა
942 _2udc
_cBK